Statistics for Difficult Geography Quiz #1

Click here to take the quiz!

General Stats

  • This quiz has been taken 16 times
  • The average score is 10 of 15

Answer Stats

QuestionAnswer% Correct
Which city stands on two separate continents?Istanbul
94%
There are two countries that border the most countries, with both having 14. One of these countries borders that amount. Which one is it?Russia
94%
There are, somewhat ironically, two doubly-landlocked countries. Wait, which one of these nations is doubly-landlocked?Liechtenstein
88%
Which mountain lies on the France-Italy border? (Hint: It's the largest mountain in EuropeMont Blanc
88%
What is the other country that has 14 neighbors?China
81%
There are 3 countries completely landlocked by one single country, but one of these countries isn't. What country is it?Eswatini
81%
Which country has the most pyramids?Sudan
81%
Which of these U.S. states is the westernmost and easternmost state?Alaska
75%
One of these states doesn't share any letters with its capital city. Which state is it?South Dakota
69%
One of these African nations once went by the name "Upper Volta". Which one is it?Burkina Faso
63%
Where is the city of Peshawar located?Pakistan
56%
What is the distance of Alaska's coastline in km (Only including the mainland)?6,640 km
50%
Here's an easier one: Which continent spans all four hemispheres?Africa
44%
How many islands does Hawaii have?137
25%
Let's end with a hard one. Which New York county lacks any traffic lights?Hamilton County
25%

Score Distribution

Percentile by Number Answered

Percent of People with Each Score

Your Score History

You have not taken this quiz